| 000 | 00381 a2200157 4500 | ||
|---|---|---|---|
| 020 | _a9788132110194 | ||
| 024 | _a9788132110194 | ||
| 082 | _a658.8 | ||
| 090 |
_c7022 _d7022 |
||
| 100 | _aKennethe.Clow | ||
| 245 |
_aCases in Marketing Management. _cKennethe.Clow |
||
| 260 |
_aNew Delhi _bSAGE _c2012 |
||
| 300 | _a523p. | ||
| 500 | _aPaper Cover | ||
| 942 |
_aNBS _cBK _k658.8 CLO |
||
| 999 |
_c349355 _d349355 |
||